000
00342nam a2200157Ia 4500
003
OSt
005
20240127120255.0
008
170524s9999 xx 000 0 und d
020
_a
:9788120309869
040
_c
iimtu
100
_a
Pucknell DA
245
0
_a
Basics VLSI Design
260
_b
PHI New Delhi
260
_c
2011
942
_2
ddc
_c
02
999
_c
5975
_d
5975